LDR 00651naa#a2200181#i#450# 001 EN\\bibl\114910 005 20260416193636.4 011 ## _a2713-1424 100 ## _a20260407b2026####ek#y0engy0150####ca 102 ## _aRU 200 1# _aSUSTAINABLE RICE PRODUCTION UNDER SOIL DEGRADATION CONDITIONS: THE ROLE OF DIGITAL TECHNOLOGIES AND GIS MONITORING _eJournal article 210 1# _aMoscow _cElectronic science _d2026 215 ## _a9 с. 608 ## _aJournal article _2local 675 ## _aФакторы, влияющие на землепользование. 332.36 _z 700 #1 _aBarsukova _gGalina Nikolaevna 700 #1 _aGoverdovskaya _gMaria Dmitrievna 856 4# _amshj.ru _u